00398nam a2200133Ia 450000500170000000800410001704000130005808200160007124500490008726000470013630000140018354600120019765000550020920251117114517.0231207s9999 xx 000 0 und d cPK-LaNCA a780.92bRAG 0aRaga mala: the autobiography of Ravi Shankar bGenesis Publications LimitedaSurreyc1997 a336pbill aEnglish aMusiciana. Musician, Indian--Autobiography. Music.